02114cam a22004214i 4500003000900000005001700009008004100026020001500067035002700082040003300109049000900142082002100151100002900172245004100201264005200242300003800294336002100332337002500353338002300378490005000401505052300451526000900974526000900983526000800992526000801000526000801008650004801016650002701064650005101091910001801142942001401160949012801174994001401302596000601316999015401322980005501476952016101531PE-LiUPU20250731183444.0150616s r 000 0 d a0521376246 a(Sirsi) i9780521376242 aPE-LiUPUbspacPE-LiUPUerda aPRUA04a780.901bM122211 aMcKinnon, James,eautor.10aMusic in Early Christian Literature. 1aCambridge :bCambridge University Press,c1993. a180 páginas ;c23 centímetros atext2rdacontent aunmediated2rdamedia avolume2rdacarrier0 aCambridge readings in the literature of music0 aThe New Testament -- The Christian literature of the first and second centuries -- The greek authors of the third century -- Western authors of the third and early fourth centuries: Carthage and Rome -- Fourth-century Alexandria and desert monasticism -- Fourth-century Asia Minor: the cappadocians -- Palestine, Antioch and Syria -- The greek historians -- The apostolic constitutions, Egeria, and the eastern councils -- Western authors of the fourth and early fifth centuries -- Augustine and minor western authors. aP158 aP146 aP17 aP12 aP0604aMúsica en la iglesiayHacia 500xFuentes.04aMúsica y literatura.04aMúsicayHacia 500xFilosofía y estética. ajckbjvqcjck 2ddccBOOK a780.901 M12wDEWEYc1i40240lCCODEBUL1mBULr0sYtBOOKu2015-6-16xTEOLOGIAzUNKNOWN0COMPRAo.STAFF. Colección General aC0bPEPRU a1 a780.901 M12wDEWEYc58040i40240f2021-11-12g5lCCODEBUL1mBULr0sYtBOOKu2015-6-16xTEOLOGIAzUNKNOWN0COMPRAo.STAFF. Colección Generald58040 81gALBERTO SANCHEZ Responsable de Automatización r2025-12-03 00:00:00i6l0o780.901 M12p40240te1w2015-06-16xFACIHEDyBKzinventario-2023-12-13102ddc50708GENfP17aBULbBULcGENd2015-06-16eCOMPRA